000 01210nam a22001817a 4500
003 OSt
005 20120303100212.0
008 110129t xxu||||| |||| 00| 0 eng d
040 _cVPM, Thane
100 _aबेडेकर, विजय वा.
_9365
245 _a१५२ दिशा : एप्रिल २०१०
260 _aठाणे
_bविद्या प्रसारक मंडळ
_c२०१०
300 _a४०
520 _aबेडेकर, विजय वा.; आठल्ये, श्रीनिवास; साने, यशवंत; नाडकर्णी, सुरेंद्र; देशमुख, मानसी; जोशी, शरद; लागू, सुरेंद्र; मठ, शं. बा.
600 _aबेडेकर, विजय वा.; आठल्ये, श्रीनिवास; साने, यशवंत; नाडकर्णी, सुरेंद्र; देशमुख, मानसी; जोशी, शरद; लागू, सुरेंद्र; मठ, शं. बा.
_9366
856 _uhttp://dspace.vpmthane.org:8080/jspui/bitstream/123456789/819/1/152dishaApril2010.pdf
942 _2ddc
_cEJOURNAL
999 _c827701
_d827698